Vývoj hypotekárneho bankovníctva na Slovensku od vstupu do Európskej únie diplomová práca

Saved in:
Bibliographic Details
Main Author: Mitaľ, Miroslav
Corporate Author: Podnikovohospodárska fakulta EU so sídlom v Košiciach. Katedra ekonómie
Other Authors: Kafková, Eva
Format: Book
Language:Slovak
Published: Košice 2011
Tags: Add Tag
No Tags, Be the first to tag this record!

MARC

LEADER 00000nbm a2200000 4500
001 0139203
005 20240827093316.5
041 0 |a slo 
044 |a SK 
245 1 0 |a Vývoj hypotekárneho bankovníctva na Slovensku od vstupu do Európskej únie  |b diplomová práca  |c Miroslav Mitaľ ; školiteľ: Eva Kafková 
264 1 |a Košice  |c 2011 
300 |a 94 s. 
100 1 |a Mitaľ, Miroslav 
700 1 |a Kafková, Eva 
710 2 |a Podnikovohospodárska fakulta EU so sídlom v Košiciach. Katedra ekonómie